[Event "Turnaj sv. Jana Nepomuckého, A, 2022,"]
[Site "Nepomuk"]
[Date "2022.09.08"]
[Round "8.1"]
[White "Dolezal, Radoslav"]
[Black "Spirik, Jiri"]
[Result "1/2-1/2"]
[WhiteElo "2384"]
[BlackElo "2223"]
[PlyCount "20"]
[EventDate "2022.09.01"]

1. d4 Nf6 2. Nf3 d5 3. c4 c6 4. cxd5 cxd5 5. Nc3 e6 6. Bg5 Be7 7. e3 O-O 8. Bd3
h6 9. Bh4 Nc6 10. O-O b6 1/2-1/2

[Event "Turnaj sv. Jana Nepomuckého, A, 2022,"]
[Site "Nepomuk"]
[Date "2022.09.08"]
[Round "8.3"]
[White "Xylogiannopoulos, Antonios"]
[Black "Brejnik, Gustav"]
[Result "1-0"]
[WhiteElo "2234"]
[BlackElo "2295"]
[PlyCount "115"]
[EventDate "2022.09.01"]

1. e4 c6 2. d4 d5 3. exd5 cxd5 4. Bd3 Nf6 5. Bf4 Qb6 6. Nc3 Bd7 7. Nge2 e6 8.
O-O a6 9. Qd2 Be7 10. h3 O-O 11. a3 Rc8 12. Rfe1 Be8 13. Bh2 Kh8 14. Qe3 Nc6
15. b3 Nxd4 16. Kh1 Qa7 17. Nxd5 Nxd5 18. Qxd4 Qxd4 19. Nxd4 Bc5 20. Nf3 Bxf2
21. Rf1 Be3 22. Rae1 Bf4 23. Bxf4 Nxf4 24. Be4 Rc7 25. Ne5 Ng6 26. Nc4 Bb5 27.
Nb6 Re8 28. c4 Bc6 29. b4 Bxe4 30. Rxe4 Rd8 31. c5 Kg8 32. a4 a5 33. Rc1 Rd3
34. bxa5 Ne7 35. c6 bxc6 36. Nc4 Kf8 37. Rb1 Nd5 38. Ne5 Ra3 39. Rc4 Rc3 40.
Rb8+ Ke7 41. Rxc3 Nxc3 42. a6 Kd6 43. Nc4+ Kc5 44. Rb7 Nd5 45. Nb6 Kd6 46. Nxd5
cxd5 47. a7 Rxb7 48. a8=Q Rb1+ 49. Kh2 Ke5 50. a5 d4 51. a6 d3 52. a7 d2 53.
Qb8+ Rxb8 54. axb8=Q+ Ke4 55. Qb3 e5 56. Kg3 Kd4 57. Kf3 e4+ 58. Ke2 1-0

[Event "Turnaj sv. Jana Nepomuckého, A, 2022,"]
[Site "Nepomuk"]
[Date "2022.09.09"]
[Round "9.2"]
[White "Sprenar, Petr"]
[Black "Jurek, Josef"]
[Result "1-0"]
[WhiteElo "2244"]
[BlackElo "2212"]
[PlyCount "129"]
[EventDate "2022.09.01"]

1. d4 Nf6 2. c4 e6 3. g3 d5 4. Nf3 Bb4+ 5. Bd2 Be7 6. Bg2 O-O 7. O-O c6 8. Qc2
Nbd7 9. Rd1 b6 10. b3 Ba6 11. Bc1 Rc8 12. Bb2 c5 13. Nc3 dxc4 14. d5 exd5 15.
Nxd5 Nxd5 16. Rxd5 Bb7 17. Rd2 Qc7 18. bxc4 Bf6 19. Rad1 Rcd8 20. Bh3 Bc6 21.
Bxd7 Rxd7 22. Rxd7 Bxd7 23. Bxf6 gxf6 24. Rd5 f5 25. Qd2 Be6 26. Qg5+ Kh8 27.
Qf6+ Kg8 28. Nh4 Re8 29. Rxf5 Qd8 30. Rg5+ Kf8 31. Qg7+ Ke7 32. Nf5+ Kd7 33.
Ne3 Kc8 34. Nd5 Qd7 35. Qxh7 Qa4 36. Qd3 Qxa2 37. h4 Kb8 38. h5 f6 39. Rg7 Qa1+
40. Kg2 Bh3+ 41. Kh2 Qe5 42. Nf4 Bf5 43. e4 Bxe4 44. Qd7 Rh8 45. Qxa7+ Kc8 46.
Qd7+ Kb8 47. Re7 Rxh5+ 48. Nxh5 Qxh5+ 49. Qh3 Qxh3+ 50. Kxh3 Bd3 51. Rf7 Bxc4
52. Rxf6 Kc7 53. Kg4 b5 54. Kf4 b4 55. Ke3 Bb5 56. Rf5 Kb6 57. g4 Bd7 58. Rf6+
Ka5 59. g5 Ba4 60. g6 b3 61. g7 b2 62. g8=Q b1=Q 63. Qd8+ Kb4 64. Rb6+ Bb5 65.
Rxb5+ 1-0

[Event "Turnaj sv. Jana Nepomuckého, A, 2022,"]
[Site "Nepomuk"]
[Date "2022.09.09"]
[Round "9.3"]
[White "Brejnik, Gustav"]
[Black "Kopriva, Martin"]
[Result "1/2-1/2"]
[WhiteElo "2295"]
[BlackElo "2094"]
[PlyCount "76"]
[EventDate "2022.09.01"]

1. d4 Nf6 2. c4 g6 3. g3 Bg7 4. Bg2 O-O 5. Nc3 d6 6. Nf3 Nc6 7. O-O a6 8. b3
Rb8 9. Bb2 b5 10. cxb5 axb5 11. Rc1 Bd7 12. d5 Na5 13. Nd4 e5 14. dxe6 fxe6 15.
Qd3 b4 16. Ne4 Nb7 17. Nxf6+ Bxf6 18. Bxb7 Rxb7 19. Qe4 d5 20. Qe3 Rb6 21. f4
Ra6 22. Ba1 Rxa2 23. Nc6 Bxc6 24. Bxf6 Qxf6 25. Rxc6 Qf5 26. Rxc7 Qe4 27. Qxe4
dxe4 28. Rd1 Rxe2 29. Rdd7 Ra8 30. Rg7+ Kf8 31. Rgf7+ Kg8 32. Rg7+ Kf8 33.
Rcf7+ Ke8 34. Re7+ Kf8 35. Rgf7+ Kg8 36. Rg7+ Kf8 37. Ref7+ Ke8 38. Re7+ Kf8
1/2-1/2

[Event "Turnaj sv. Jana Nepomuckého, A, 2022,"]
[Site "Nepomuk"]
[Date "2022.09.09"]
[Round "9.4"]
[White "Flajsman, Pavel"]
[Black "Xylogiannopoulos, Antonios"]
[Result "1/2-1/2"]
[WhiteElo "2171"]
[BlackElo "2234"]
[PlyCount "30"]
[EventDate "2022.09.01"]

1. Nf3 d5 2. g3 g6 3. Bg2 Bg7 4. d4 c6 5. O-O Nf6 6. c4 dxc4 7. Ne5 Ng4 8. Nxg4
Bxg4 9. Be3 Be6 10. Na3 Bd5 11. f3 b5 12. Qc1 O-O 13. Bf2 e5 14. e4 Be6 15.
dxe5 Bxe5 1/2-1/2